000 02117nab a22004457a 4500
003 AR-RoUNA
040 _aAR-RoUNA
_bspa
041 _aspa
044 _aag
110 2 _aMunicipalidad de Rosario
_bSecretaria de Cultura y Educación
_910182
245 _aVasto mundo
260 _aRosario (Santa Fe, Argentina) :
_bEditorial Amalevi,
_c1994.
300 _ap.64 :
_bfot. col.
_c27x20 cm.
505 0 _tINDICE
505 0 _aRevista Vasto Mundo
505 0 _aPatricio Pron / La calle como escenario. Artistas en la vida. p. 4
505 0 _tPANORAMICAS
505 0 _aHernán Lascano / Fronteras virtuales. Espacio y tiempo de los jóvenes. p. 10
505 0 _tTRANSFORMACIONES
505 0 _aGabriel González / Tras los rastros del dinero. p. 14
505 0 _aSusana Rosano / Con oídos y corazón abiertos. La carpa de acortar distancias. p. 21
505 0 _aRicardo Luque / Internautas en Rosario, o de cómo saltar del Tercer Mundo al ciberespacio por un rato. p. 24
505 0 _aLisy Smiles y CLaudio Demarchi / La ciudad imposible (II). p. 32
505 0 _tACERCAMIENTOS
505 0 _aDamian Schwarzstein y Aurtarco Arfini / "Más viejos que el Swift". Hermanos Adelardo, constructores de canoas del Saladillo. p. 40
505 0 _tRESCATES
505 0 _aCarlos del Frade / Veinte años: 1976-1996. Camino a la Casa de la Memoria. p. 44
505 0 _aAlberto Carlos Vila Ortiz / Cristian Hernández Larguía. Oficio y ética de la música. p. 49
505 0 _aAlberto Carlos Vila Ortiz / Conjunto Pro Música de Rosario. p. 49
505 0 _aLuis Cinglolani / Las peñas que hicieron historia. Guitarras de mano en mano. p. 52
505 0 _aVerónica Solina y Paula Favareto / Escultura a cielo abierto. Voces de la madera. p. 58
600 1 0 _aHernández Larguía, Cristián,
_d1921-2016.
_925244
651 0 _aRosario (Santa Fe, Argentina)
_91246
653 _aEscultura en madera
773 0 _aVasto Mundo.
_dRosario, Amalevi, 1994
_gNº 12 (dic-1996) p.64
908 _aImp
942 _2udc
_cART
945 _aGOG
_d2017-12-07
980 _gCRON CRON
_6138
_aCarolina Rainero
_8
999 _c12144
_d12144